Formule 1 - Pilotes par surnoms - Statistiques

Statistiques générales
  • Ce quiz a été pris 355 fois
  • Le résultat moyen est 8 sur 18
Statistiques - réponses
Hint Réponse % Correct
Super max / Mad Max Max Verstappen
100%
Smooth Operator Carlos Sainz Jr.
86%
Iceman Kimi Raikkonen
67%
The Hulk Nico Hulkenberg
65%
Le Baron Rouge Michael Schumacher
61%
Estie Bestie Esteban Ocon
59%
Le Professeur Alain Prost
56%
Il Presdestinato Charlos Leclerc
51%
Honey Badger Daniel Ricciardo
42%
Nando Fernando Alonso
38%
Rain Master Ayrton Senna
37%
Ministre de La Défense Sergio Perez
37%
Britney Nico Rosberg
34%
The Flying Finn Mika Hakkinen
27%
The Rat Niki Lauda
27%
Billion Dollar Man Lewis Hamilton
24%
Mr. Saturday George Russell
13%
Mister Monaco Graham Hill
12%
Aucun quiz correspondant
Distribution des résultats
% des personnes avec chaque résultat
Percentile par nombre de réponses
Votre historique - résultats
Vous n’avez pas pris ce quiz